[Event "DEM U12 2025"]
[Site "Willingen GER"]
[Date "2025.06.11"]
[Round "6"]
[White "Classen, Marnin"]
[Black "Ziem, Ole"]
[Result "1/2-1/2"]
[Termination "normal"]
[Board "22"]
[WhiteElo "1663"]
[BlackElo "1670"]
[WhiteClock "00:08:04"]
[BlackClock "00:38:48"]
[PlyCount "119"]
[WhiteFideId "34623833"]
[BlackFideId "34624791"]
[EventCountry "GER"]
[EventRounds "9"]
[EventType "swiss"]
[EventDate "2025.06.07"]

1. e4 {[%clk 01:30:59]} {[%emt 00:00:02]} e5 {[%clk 01:30:49]} {[%emt
00:00:11]} 2. Nf3 {[%clk 01:31:22]} {[%emt 00:00:06]} Nc6 {[%clk 01:31:14]}
{[%emt 00:00:05]} 3. Bb5 {[%clk 01:31:45]} {[%emt 00:00:07]} a6 {[%clk
01:31:21]} {[%emt 00:00:24]} 4. Ba4 {[%clk 01:32:07]} {[%emt 00:00:08]} Nf6
{[%clk 01:31:25]} {[%emt 00:00:26]} 5. O-O {[%clk 01:32:27]} {[%emt 00:00:09]}
Be7 {[%clk 01:31:34]} {[%emt 00:00:22]} 6. Re1 {[%clk 01:32:48]} {[%emt
00:00:08]} b5 {[%clk 01:31:33]} {[%emt 00:00:32]} 7. Bb3 {[%clk 01:33:07]}
{[%emt 00:00:10]} O-O {[%clk 01:31:19]} {[%emt 00:00:43]} 8. c3 {[%clk
01:33:26]} {[%emt 00:00:11]} Bb7 {[%clk 01:29:26]} {[%emt 00:02:25]} 9. d4
{[%clk 01:33:33]} {[%emt 00:00:23]} d6 {[%clk 01:28:12]} {[%emt 00:01:43]} 10.
Nbd2 {[%clk 01:33:25]} {[%emt 00:00:39]} Nd7 {[%clk 01:18:29]} {[%emt
00:10:13]} 11. Nf1 {[%clk 01:29:34]} {[%emt 00:04:21]} Bf6 {[%clk 01:17:02]}
{[%emt 00:01:57]} 12. Ne3 {[%clk 01:28:15]} {[%emt 00:01:49]} g6 {[%clk
01:16:21]} {[%emt 00:01:11]} 13. Nd5 {[%clk 01:25:45]} {[%emt 00:03:00]} Re8
{[%clk 01:09:56]} {[%emt 00:06:54]} 14. Bh6 {[%clk 01:22:41]} {[%emt 00:03:35]}
Na5 {[%clk 01:08:22]} {[%emt 00:02:04]} 15. Nxf6+ {[%clk 01:18:32]} {[%emt
00:04:38]} Qxf6 {[%clk 01:08:20]} {[%emt 00:00:31]} 16. Bc2 {[%clk 01:17:23]}
{[%emt 00:01:40]} Nc4 {[%clk 01:05:54]} {[%emt 00:02:56]} 17. b3 {[%clk
01:17:39]} {[%emt 00:00:14]} Ncb6 {[%clk 01:06:19]} {[%emt 00:00:05]} 18. Qd2
{[%clk 01:17:36]} {[%emt 00:00:32]} d5 {[%clk 00:59:33]} {[%emt 00:07:17]} 19.
Bg5 {[%clk 01:10:32]} {[%emt 00:07:34]} Qg7 {[%clk 00:59:46]} {[%emt 00:00:15]}
20. Bh6 {[%clk 01:10:52]} {[%emt 00:00:11]} Qf6 {[%clk 01:00:10]} {[%emt
00:00:06]} 21. Bg5 {[%clk 01:11:17]} {[%emt 00:00:06]} Qd6 {[%clk 00:53:10]}
{[%emt 00:07:30]} 22. dxe5 {[%clk 01:03:58]} {[%emt 00:07:50]} Nxe5 {[%clk
00:52:51]} {[%emt 00:00:48]} 23. Nxe5 {[%clk 01:03:20]} {[%emt 00:01:07]} Qxe5
{[%clk 00:52:46]} {[%emt 00:00:35]} 24. Bf4 {[%clk 01:00:17]} {[%emt 00:03:33]}
Qe6 {[%clk 00:51:33]} {[%emt 00:01:44]} 25. exd5 {[%clk 00:55:39]} {[%emt
00:05:08]} Qxd5 {[%clk 00:51:53]} {[%emt 00:00:10]} 26. Qxd5 {[%clk 00:56:00]}
{[%emt 00:00:09]} Nxd5 {[%clk 00:51:53]} {[%emt 00:00:30]} 27. Bd2 {[%clk
00:55:59]} {[%emt 00:00:30]} Nf6 {[%clk 00:51:46]} {[%emt 00:00:36]} 28. Bg5
{[%emt 00:06:04]} Ne4 {[%clk 00:49:45]} 29. Bxe4 {[%clk 00:52:02]} {[%emt
00:01:25]} Bxe4 {[%clk 00:49:39]} {[%emt 00:00:35]} 30. f3 {[%clk 00:51:04]}
{[%emt 00:01:29]} Bf5 {[%clk 00:49:55]} {[%emt 00:00:14]} 31. Bf6 {[%clk
00:49:11]} {[%emt 00:02:23]} c5 {[%clk 00:44:53]} {[%emt 00:05:32]} 32. Kf2
{[%clk 00:46:29]} {[%emt 00:03:12]} Rac8 {[%clk 00:44:33]} {[%emt 00:00:50]}
33. Rad1 {[%clk 00:44:44]} {[%emt 00:02:15]} Kf8 {[%clk 00:43:17]} {[%emt
00:01:47]} 34. Rxe8+ {[%clk 00:40:11]} {[%emt 00:05:02]} Kxe8 {[%clk 00:42:20]}
{[%emt 00:01:27]} 35. Rd2 {[%clk 00:37:28]} {[%emt 00:03:13]} Bd7 {[%clk
00:41:44]} {[%emt 00:01:04]} 36. Re2+ {[%clk 00:35:14]} {[%emt 00:02:46]} Be6
{[%clk 00:39:12]} {[%emt 00:03:03]} 37. Rd2 {[%clk 00:35:28]} {[%emt 00:00:15]}
c4 {[%clk 00:39:25]} {[%emt 00:00:17]} 38. b4 {[%clk 00:35:46]} {[%emt
00:00:12]} Kf8 {[%clk 00:38:13]} {[%emt 00:01:41]} 39. a3 {[%clk 00:35:49]}
{[%emt 00:00:28]} Bf5 {[%clk 00:38:18]} {[%emt 00:00:25]} 40. Rd4 {[%clk
00:31:41]} {[%emt 00:04:36]} Bd3 {[%clk 00:36:56]} {[%emt 00:01:54]} 41. Kg3
{[%clk 00:27:04]} {[%emt 00:05:06]} h6 {[%clk 00:36:57]} {[%emt 00:00:30]} 42.
h4 {[%clk 00:25:59]} {[%emt 00:01:36]} Kg8 {[%clk 00:36:44]} {[%emt 00:00:42]}
43. Rd8+ {[%clk 00:20:07]} {[%emt 00:06:22]} Rxd8 {[%clk 00:37:06]} {[%emt
00:00:08]} 44. Bxd8 {[%clk 00:20:26]} {[%emt 00:00:11]} Kg7 {[%clk 00:37:30]}
{[%emt 00:00:07]} 45. Kf2 {[%clk 00:18:58]} {[%emt 00:01:57]} f5 {[%clk
00:37:47]} {[%emt 00:00:13]} 46. Ke3 {[%clk 00:18:07]} {[%emt 00:01:21]} Kf7
{[%clk 00:36:49]} {[%emt 00:01:27]} 47. f4 {[%clk 00:17:36]} {[%emt 00:01:01]}
Ke6 {[%clk 00:37:06]} {[%emt 00:00:14]} 48. Kd4 {[%clk 00:17:35]} {[%emt
00:00:32]} Kd6 {[%clk 00:37:23]} {[%emt 00:00:11]} 49. g3 {[%clk 00:17:46]}
{[%emt 00:00:20]} h5 {[%clk 00:37:48]} {[%emt 00:00:05]} 50. Bg5 {[%clk
00:17:52]} {[%emt 00:00:22]} Be4 {[%clk 00:36:17]} {[%emt 00:02:02]} 51. Bh6
{[%clk 00:17:56]} {[%emt 00:00:26]} Bb7 {[%clk 00:36:26]} {[%emt 00:00:21]} 52.
Bf8+ {[%clk 00:17:58]} {[%emt 00:00:29]} Ke6 {[%clk 00:36:43]} {[%emt
00:00:12]} 53. Kc5 {[%clk 00:18:13]} {[%emt 00:00:16]} Kd7 {[%clk 00:37:05]}
{[%emt 00:00:08]} 54. Bg7 {[%clk 00:18:13]} {[%emt 00:00:30]} Kc7 {[%clk
00:37:08]} {[%emt 00:00:27]} 55. Be5+ {[%clk 00:18:21]} {[%emt 00:00:21]} Kd7
{[%clk 00:37:35]} {[%emt 00:00:04]} 56. Kb6 {[%clk 00:17:46]} {[%emt 00:01:05]}
Bc8 {[%clk 00:38:00]} {[%emt 00:00:05]} 57. Kc5 {[%clk 00:10:54]} {[%emt
00:07:22]} Bb7 {[%clk 00:38:21]} {[%emt 00:00:08]} 58. Kb6 {[%clk 00:10:47]}
{[%emt 00:00:37]} Bc8 {[%clk 00:38:46]} {[%emt 00:00:07]} 59. Bc7 {[%clk
00:10:33]} {[%emt 00:00:43]} Ke6 {[%clk 00:38:48]} {[%emt 00:00:29]} 60. Kc5
{[%clk 00:08:04]} 1/2-1/2

[Event "DEM U12 2025"]
[Site "Willingen GER"]
[Date "2025.06.11"]
[Round "6"]
[White "Martin Fernandez, Félix"]
[Black "Obermair, Hannes"]
[Result "0-1"]
[Termination "normal"]
[Board "23"]
[WhiteElo "1723"]
[BlackElo "1663"]
[WhiteClock "00:45:12"]
[BlackClock "00:52:42"]
[PlyCount "54"]
[WhiteFideId "34605622"]
[BlackFideId "34640509"]
[EventCountry "GER"]
[EventRounds "9"]
[EventType "swiss"]
[EventDate "2025.06.07"]

1. d4 {[%clk 01:30:59]} d5 {[%clk 01:30:55]} {[%emt 00:00:06]} 2. c4 {[%clk
01:31:20]} {[%emt 00:00:08]} Nf6 {[%clk 01:31:11]} {[%emt 00:00:13]} 3. Nf3
{[%clk 01:31:33]} {[%emt 00:00:18]} e6 {[%clk 01:31:30]} {[%emt 00:00:11]} 4.
g3 {[%clk 01:31:48]} {[%emt 00:00:15]} Be7 {[%clk 01:31:32]} {[%emt 00:00:27]}
5. Bg2 {[%clk 01:31:53]} {[%emt 00:00:26]} O-O {[%clk 01:31:40]} {[%emt
00:00:23]} 6. O-O {[%clk 01:31:56]} {[%emt 00:00:25]} b6 {[%clk 01:31:00]}
{[%emt 00:01:11]} 7. Nc3 {[%clk 01:30:47]} {[%emt 00:01:39]} Bb7 {[%clk
01:30:58]} {[%emt 00:00:32]} 8. Re1 {[%clk 01:29:21]} {[%emt 00:01:56]} Nbd7
{[%clk 01:29:08]} {[%emt 00:02:20]} 9. Qc2 {[%clk 01:26:27]} {[%emt 00:03:23]}
dxc4 {[%clk 01:28:29]} {[%emt 00:01:09]} 10. Nb1 {[%clk 01:19:49]} {[%emt
00:07:09]} Rc8 {[%clk 01:23:13]} {[%emt 00:05:45]} 11. Qxc4 {[%clk 01:14:57]}
{[%emt 00:05:23]} c5 {[%clk 01:21:42]} {[%emt 00:02:01]} 12. Qa4 {[%clk
01:09:20]} {[%emt 00:06:06]} Bc6 {[%clk 01:13:54]} {[%emt 00:08:18]} 13. Qd1
{[%clk 01:08:22]} {[%emt 00:01:28]} cxd4 {[%emt 00:03:34]} 14. Nxd4 {[%clk
01:07:39]} {[%emt 00:00:13]} Bxg2 {[%clk 01:10:45]} {[%emt 00:01:36]} 15. Kxg2
{[%clk 01:08:03]} {[%emt 00:00:05]} Qc7 {[%clk 01:08:32]} {[%emt 00:02:40]} 16.
Nc3 {[%clk 01:05:35]} {[%emt 00:03:00]} a6 {[%clk 01:05:27]} {[%emt 00:03:36]}
17. Bg5 {[%clk 00:58:44]} {[%emt 00:07:22]} h6 {[%clk 01:04:08]} {[%emt
00:01:48]} 18. Bxf6 {[%clk 00:56:47]} {[%emt 00:02:28]} Bxf6 {[%clk 01:03:17]}
{[%emt 00:01:20]} 19. Rc1 {[%clk 00:50:41]} {[%emt 00:06:36]} Rfd8 {[%clk
00:58:20]} {[%emt 00:05:26]} 20. Ne4 {[%clk 00:43:36]} {[%emt 00:07:36]} Qxc1
{[%clk 00:54:50]} {[%emt 00:03:59]} 21. Nxf6+ {[%clk 00:43:53]} {[%emt
00:00:13]} Nxf6 {[%clk 00:55:09]} {[%emt 00:00:11]} 22. Qxc1 {[%clk 00:44:17]}
{[%emt 00:00:06]} Rxc1 {[%clk 00:55:24]} {[%emt 00:00:15]} 23. Rxc1 {[%clk
00:44:46]} {[%emt 00:00:01]} Rxd4 {[%clk 00:55:44]} {[%emt 00:00:09]} 24. Rc6
{[%clk 00:43:56]} {[%emt 00:01:21]} Rb4 {[%clk 00:53:06]} {[%emt 00:03:07]} 25.
b3 {[%clk 00:44:22]} {[%emt 00:00:05]} a5 {[%clk 00:52:59]} {[%emt 00:00:38]}
26. Rc8+ {[%clk 00:44:48]} {[%emt 00:00:04]} Kh7 {[%clk 00:52:51]} {[%emt
00:00:36]} 27. Rc7 {[%clk 00:45:12]} {[%emt 00:00:07]} Kg6 {[%clk 00:52:42]}
{[%emt 00:00:38]} 0-1

[Event "DEM U12 2025"]
[Site "Willingen GER"]
[Date "2025.06.11"]
[Round "6"]
[White "Shneider, Illia"]
[Black "Brückner, Julian"]
[Result "0-1"]
[Termination "normal"]
[Board "24"]
[WhiteElo "1799"]
[BlackElo "1802"]
[WhiteClock "00:59:01"]
[BlackClock "00:23:48"]
[PlyCount "70"]
[WhiteFideId "34166300"]
[BlackFideId "34630031"]
[EventCountry "GER"]
[EventRounds "9"]
[EventType "swiss"]
[EventDate "2025.06.07"]

1. e4 {[%clk 01:30:45]} {[%emt 00:00:15]} c5 {[%clk 01:30:49]} {[%emt
00:00:11]} 2. d3 {[%clk 01:30:06]} {[%emt 00:01:09]} Nc6 {[%clk 01:31:02]}
{[%emt 00:00:18]} 3. Nf3 {[%clk 01:30:30]} {[%emt 00:00:06]} g6 {[%clk
01:31:19]} {[%emt 00:00:12]} 4. c3 {[%clk 01:30:54]} {[%emt 00:00:07]} Bg7
{[%clk 01:31:25]} {[%emt 00:00:23]} 5. g3 {[%clk 01:31:16]} {[%emt 00:00:08]}
d6 {[%clk 01:31:16]} {[%emt 00:00:38]} 6. Bg2 {[%clk 01:31:37]} {[%emt
00:00:10]} e6 {[%clk 01:31:32]} {[%emt 00:00:14]} 7. O-O {[%clk 01:31:57]}
{[%emt 00:00:10]} Nge7 {[%clk 01:31:15]} {[%emt 00:00:47]} 8. d4 {[%clk
01:32:18]} {[%emt 00:00:08]} cxd4 {[%clk 01:30:49]} {[%emt 00:00:56]} 9. cxd4
{[%clk 01:32:41]} {[%emt 00:00:07]} Qb6 {[%clk 01:30:26]} {[%emt 00:00:52]} 10.
d5 {[%clk 01:20:53]} {[%emt 00:12:20]} Nd4 {[%clk 01:28:27]} {[%emt 00:02:27]}
11. Nxd4 {[%clk 01:20:13]} {[%emt 00:01:10]} Bxd4 {[%clk 01:28:12]} {[%emt
00:00:45]} 12. Nc3 {[%clk 01:19:43]} {[%emt 00:01:00]} Bg7 {[%clk 01:19:46]}
{[%emt 00:08:53]} 13. Qe2 {[%clk 01:19:33]} {[%emt 00:00:43]} Bd7 {[%clk
01:18:30]} {[%emt 00:01:45]} 14. Be3 {[%clk 01:19:36]} {[%emt 00:00:27]} Qa5
{[%clk 01:17:03]} {[%emt 00:01:56]} 15. Qd2 {[%clk 01:19:34]} {[%emt 00:00:34]}
e5 {[%clk 01:12:37]} {[%emt 00:04:55]} 16. Bh6 {[%clk 01:19:17]} {[%emt
00:00:48]} O-O {[%clk 01:12:00]} {[%emt 00:01:07]} 17. Bxg7 {[%clk 01:19:31]}
{[%emt 00:00:16]} Kxg7 {[%clk 01:12:24]} {[%emt 00:00:07]} 18. f4 {[%clk
01:19:20]} {[%emt 00:00:40]} Qc5+ {[%clk 01:11:05]} {[%emt 00:01:50]} 19. Kh1
{[%clk 01:19:38]} {[%emt 00:00:11]} Qd4 {[%clk 01:07:14]} {[%emt 00:04:21]} 20.
Qxd4 {[%clk 01:19:50]} {[%emt 00:00:18]} exd4 {[%clk 01:07:36]} {[%emt
00:00:07]} 21. Ne2 {[%clk 01:19:52]} {[%emt 00:00:29]} Bb5 {[%clk 01:07:45]}
{[%emt 00:00:21]} 22. Rfe1 {[%clk 01:20:00]} {[%emt 00:00:23]} d3 {[%clk
01:05:23]} {[%emt 00:02:51]} 23. Nc3 {[%clk 01:20:20]} {[%emt 00:00:10]} Ba6
{[%clk 01:05:24]} {[%emt 00:00:27]} 24. Rad1 {[%clk 01:20:25]} {[%emt
00:00:26]} b5 {[%clk 01:04:58]} {[%emt 00:00:56]} 25. b4 {[%clk 01:20:02]}
{[%emt 00:00:54]} Rac8 {[%clk 01:04:31]} {[%emt 00:00:57]} 26. Rxd3 {[%clk
01:20:17]} {[%emt 00:00:16]} Rc4 {[%clk 01:04:01]} {[%emt 00:00:58]} 27. a3
{[%clk 01:20:35]} {[%emt 00:00:12]} Rfc8 {[%clk 01:03:43]} {[%emt 00:00:45]}
28. Ree3 {[%clk 01:20:58]} {[%emt 00:00:10]} g5 {[%clk 00:56:13]} {[%emt
00:08:01]} 29. f5 {[%clk 01:15:53]} {[%emt 00:05:34]} Ng8 {[%clk 00:51:11]}
{[%emt 00:05:29]} 30. Bf3 {[%clk 01:11:15]} {[%emt 00:05:12]} Nf6 {[%clk
00:49:40]} {[%emt 00:02:00]} 31. e5 {[%clk 01:09:27]} {[%emt 00:02:19]} dxe5
{[%clk 00:49:44]} {[%emt 00:00:25]} 32. d6 {[%clk 01:09:42]} {[%emt 00:00:14]}
e4 {[%clk 00:39:58]} {[%emt 00:10:18]} 33. Nxe4 {[%clk 01:05:16]} {[%emt
00:04:55]} Nxe4 {[%clk 00:33:46]} {[%emt 00:06:42]} 34. Rxe4 {[%clk 00:59:51]}
{[%emt 00:05:55]} Bb7 {[%clk 00:23:48]} {[%emt 00:10:27]} 35. Ree3 {[%clk
00:59:01]} g4 {[%clk 00:23:48]} 0-1

[Event "DEM U12 2025"]
[Site "Willingen GER"]
[Date "2025.06.11"]
[Round "6"]
[White "Betz, Niclas"]
[Black "Braren, Ove Neelis"]
[Result "0-1"]
[Termination "normal"]
[Board "25"]
[WhiteElo "1678"]
[BlackElo "1716"]
[WhiteClock "00:55:32"]
[BlackClock "00:12:23"]
[PlyCount "70"]
[WhiteFideId "34616748"]
[BlackFideId "34663770"]
[EventCountry "GER"]
[EventRounds "9"]
[EventType "swiss"]
[EventDate "2025.06.07"]

1. d4 {[%clk 01:30:57]} {[%emt 00:00:03]} d5 {[%clk 01:30:31]} {[%emt
00:00:29]} 2. c4 {[%clk 01:31:19]} {[%emt 00:00:09]} e6 {[%clk 01:30:47]}
{[%emt 00:00:13]} 3. Nc3 {[%clk 01:31:38]} {[%emt 00:00:13]} Nf6 {[%clk
01:31:10]} {[%emt 00:00:06]} 4. cxd5 {[%clk 01:31:58]} {[%emt 00:00:10]} exd5
{[%clk 01:31:24]} {[%emt 00:00:15]} 5. Bg5 {[%clk 01:32:15]} {[%emt 00:00:14]}
c6 {[%clk 01:31:47]} {[%emt 00:00:07]} 6. e3 {[%clk 01:28:29]} {[%emt
00:04:14]} h6 {[%clk 01:31:15]} {[%emt 00:01:02]} 7. Bh4 {[%clk 01:28:31]}
{[%emt 00:00:29]} Be7 {[%clk 01:31:39]} {[%emt 00:00:06]} 8. Bd3 {[%clk
01:27:40]} {[%emt 00:01:21]} O-O {[%clk 01:31:47]} {[%emt 00:00:23]} 9. h3
{[%clk 01:26:24]} {[%emt 00:01:47]} Re8 {[%clk 01:29:53]} {[%emt 00:02:23]} 10.
Nf3 {[%clk 01:26:27]} {[%emt 00:00:27]} Ne4 {[%clk 01:30:06]} {[%emt 00:00:17]}
11. Bxe7 {[%clk 01:26:07]} {[%emt 00:00:50]} Qxe7 {[%clk 01:28:08]} {[%emt
00:02:28]} 12. O-O {[%clk 01:24:15]} {[%emt 00:02:21]} Bf5 {[%clk 01:25:40]}
{[%emt 00:02:58]} 13. Qc2 {[%clk 01:20:39]} {[%emt 00:04:07]} Nd7 {[%clk
01:20:55]} {[%emt 00:05:15]} 14. Rab1 {[%clk 01:17:58]} {[%emt 00:03:10]} Nb6
{[%clk 01:15:29]} {[%emt 00:05:56]} 15. Rfd1 {[%clk 01:12:52]} {[%emt
00:05:36]} Nc8 {[%clk 01:00:12]} {[%emt 00:15:48]} 16. b4 {[%clk 01:10:41]}
{[%emt 00:02:39]} a6 {[%clk 01:00:13]} {[%emt 00:00:31]} 17. Na4 {[%clk
01:10:25]} {[%emt 00:00:46]} Ncd6 {[%clk 00:58:51]} {[%emt 00:01:51]} 18. Nc5
{[%clk 01:09:42]} {[%emt 00:01:13]} Rab8 {[%clk 00:48:21]} {[%emt 00:11:02]}
19. a4 {[%clk 01:05:58]} {[%emt 00:04:12]} Nxc5 {[%clk 00:37:39]} {[%emt
00:11:12]} 20. bxc5 {[%clk 01:02:37]} {[%emt 00:03:52]} Bxd3 {[%clk 00:37:10]}
{[%emt 00:00:58]} 21. Qxd3 {[%clk 01:02:07]} {[%emt 00:00:56]} Ne4 {[%clk
00:37:10]} {[%emt 00:00:35]} 22. Nd2 {[%clk 01:02:21]} {[%emt 00:00:16]} f5
{[%clk 00:36:47]} {[%emt 00:00:52]} 23. Nf3 {[%clk 01:01:33]} {[%emt 00:01:18]}
g6 {[%clk 00:29:15]} {[%emt 00:08:03]} 24. Ne5 {[%clk 01:01:19]} {[%emt
00:00:44]} Kg7 {[%clk 00:29:36]} {[%emt 00:00:10]} 25. Rb2 {[%clk 01:00:50]}
{[%emt 00:00:58]} Nxc5 {[%clk 00:20:22]} {[%emt 00:09:45]} 26. Qc2 {[%clk
00:59:38]} {[%emt 00:01:41]} Nd7 {[%clk 00:18:34]} {[%emt 00:02:18]} 27. Nxd7
{[%clk 00:59:25]} {[%emt 00:00:42]} Qxd7 {[%clk 00:18:46]} {[%emt 00:00:19]}
28. Qc5 {[%clk 00:59:55]} {[%emt 00:00:01]} b5 {[%clk 00:16:53]} {[%emt
00:02:22]} 29. a5 {[%clk 00:59:35]} {[%emt 00:00:51]} Re6 {[%clk 00:15:51]}
{[%emt 00:01:31]} 30. Rb4 {[%clk 00:59:14]} {[%emt 00:00:52]} Qc7 {[%clk
00:12:59]} {[%emt 00:03:22]} 31. Ra1 {[%clk 00:59:32]} {[%emt 00:00:11]} Rb7
{[%clk 00:13:16]} {[%emt 00:00:13]} 32. Kf1 {[%clk 00:59:23]} {[%emt 00:00:39]}
Qh2 {[%clk 00:12:34]} {[%emt 00:01:11]} 33. Ke2 {[%clk 00:57:03]} {[%emt
00:02:49]} Qxg2 {[%clk 00:12:35]} {[%emt 00:00:32]} 34. Rbb1 {[%clk 00:55:45]}
{[%emt 00:01:47]} f4 {[%clk 00:12:17]} {[%emt 00:00:49]} 35. Qc2 {[%clk
00:55:32]} {[%emt 00:00:42]} Rxe3+ {[%clk 00:12:23]} {[%emt 00:01:57]} 0-1

[Event "DEM U12 2025"]
[Site "Willingen GER"]
[Date "2025.06.11"]
[Round "6"]
[White "Vilain, Philip"]
[Black "Nikonenko, Tymofii"]
[Result "1-0"]
[Termination "normal"]
[Board "26"]
[WhiteElo "1791"]
[BlackElo "1495"]
[WhiteClock "01:01:33"]
[BlackClock "01:19:40"]
[PlyCount "103"]
[WhiteFideId "34662820"]
[BlackFideId "34166246"]
[EventCountry "GER"]
[EventRounds "9"]
[EventType "swiss"]
[EventDate "2025.06.07"]

1. e4 {[%clk 01:30:57]} {[%emt 00:00:03]} e5 {[%clk 01:30:55]} {[%emt
00:00:06]} 2. Nf3 {[%clk 01:31:20]} {[%emt 00:00:06]} Nc6 {[%clk 01:31:20]}
{[%emt 00:00:06]} 3. Nc3 {[%clk 01:31:35]} {[%emt 00:00:15]} Bc5 {[%clk
01:31:45]} {[%emt 00:00:05]} 4. Nxe5 {[%clk 01:31:08]} {[%emt 00:00:57]} Nxe5
{[%clk 01:32:09]} {[%emt 00:00:06]} 5. d4 {[%clk 01:31:20]} {[%emt 00:00:20]}
Bd6 {[%clk 01:32:33]} {[%emt 00:00:05]} 6. dxe5 {[%clk 01:31:18]} {[%emt
00:00:32]} Bxe5 {[%clk 01:32:59]} {[%emt 00:00:05]} 7. Bc4 {[%clk 01:31:06]}
{[%emt 00:00:40]} d6 {[%clk 01:33:14]} {[%emt 00:00:15]} 8. Qd3 {[%clk
01:30:24]} {[%emt 00:01:12]} h6 {[%clk 01:33:05]} {[%emt 00:00:40]} 9. Be3
{[%clk 01:30:13]} {[%emt 00:00:40]} b6 {[%clk 01:31:15]} {[%emt 00:02:20]} 10.
Qd5 {[%clk 01:28:18]} {[%emt 00:02:25]} Be6 {[%clk 01:31:31]} {[%emt 00:00:15]}
11. Bb5+ {[%clk 01:28:21]} {[%emt 00:00:27]} Ke7 {[%clk 01:31:32]} {[%emt
00:00:29]} 12. Qd3 {[%clk 01:27:56]} {[%emt 00:00:55]} Bxc3+ {[%clk 01:31:51]}
{[%emt 00:00:12]} 13. Qxc3 {[%clk 01:27:55]} {[%emt 00:00:30]} Nf6 {[%clk
01:32:03]} {[%emt 00:00:19]} 14. f3 {[%clk 01:27:07]} {[%emt 00:01:17]} a6
{[%clk 01:31:43]} {[%emt 00:00:52]} 15. Bc6 {[%clk 01:26:33]} {[%emt 00:01:03]}
Ra7 {[%clk 01:31:57]} {[%emt 00:00:17]} 16. Rd1 {[%clk 01:26:16]} {[%emt
00:00:46]} Rg8 {[%clk 01:30:51]} {[%emt 00:01:36]} 17. e5 {[%clk 01:25:23]}
{[%emt 00:01:23]} Ne8 {[%clk 01:31:07]} {[%emt 00:00:14]} 18. Bxe8 {[%clk
01:24:27]} {[%emt 00:01:26]} Qxe8 {[%clk 01:28:11]} {[%emt 00:03:26]} 19. exd6+
{[%clk 01:24:23]} {[%emt 00:00:35]} cxd6 {[%clk 01:28:36]} {[%emt 00:00:05]}
20. Bxb6 {[%clk 01:23:34]} {[%emt 00:01:18]} Rd7 {[%clk 01:28:58]} {[%emt
00:00:09]} 21. O-O {[%emt 00:03:19]} f6 {[%clk 01:28:49]} {[%emt 00:00:38]} 22.
Rfe1 {[%clk 01:18:39]} {[%emt 00:02:35]} Kf7 {[%clk 01:28:57]} {[%emt
00:00:23]} 23. Qe3 {[%clk 01:15:55]} {[%emt 00:03:12]} Qe7 {[%clk 01:23:03]}
{[%emt 00:06:26]} 24. Rd2 {[%clk 01:12:14]} {[%emt 00:04:11]} Re8 {[%clk
01:21:48]} {[%emt 00:01:45]} 25. Qa3 {[%emt 00:04:47]} Ra8 {[%clk 01:22:09]}
{[%emt 00:00:01]} 26. Ba5 {[%clk 01:07:31]} {[%emt 00:01:04]} d5 {[%clk
01:22:00]} {[%emt 00:00:40]} 27. Bb4 {[%clk 01:07:13]} {[%emt 00:00:46]} Qd8
{[%clk 01:21:15]} {[%emt 00:01:16]} 28. g4 {[%clk 01:04:41]} {[%emt 00:03:01]}
g5 {[%clk 01:21:10]} {[%emt 00:00:36]} 29. Rde2 {[%clk 01:03:50]} {[%emt
00:01:11]} a5 {[%clk 01:19:47]} {[%emt 00:02:03]} 30. Bc5 {[%clk 01:02:14]}
{[%emt 00:02:06]} Ra6 {[%clk 01:18:43]} {[%emt 00:01:35]} 31. Qd3 {[%clk
01:01:06]} {[%emt 00:01:36]} Rdd6 {[%clk 01:13:10]} {[%emt 00:06:04]} 32. Qh7+
{[%clk 00:59:25]} {[%emt 00:02:11]} Ke8 {[%clk 01:13:06]} {[%emt 00:00:34]} 33.
Qg8+ {[%clk 00:58:53]} {[%emt 00:01:02]} Kd7 {[%clk 01:13:29]} {[%emt
00:00:07]} 34. Qxd8+ {[%clk 00:59:11]} {[%emt 00:00:13]} Kxd8 {[%clk 01:13:53]}
{[%emt 00:00:05]} 35. Bxd6 {[%clk 00:59:32]} {[%emt 00:00:10]} Rxd6 {[%clk
01:13:55]} {[%emt 00:00:28]} 36. Rxe6 {[%clk 00:59:54]} {[%emt 00:00:07]} Kd7
{[%clk 01:14:10]} {[%emt 00:00:15]} 37. Rxd6+ {[%clk 01:00:16]} {[%emt
00:00:08]} Kxd6 {[%clk 01:14:36]} {[%emt 00:00:05]} 38. Kf2 {[%clk 01:00:40]}
{[%emt 00:00:06]} d4 {[%clk 01:14:57]} {[%emt 00:00:09]} 39. Rd1 {[%clk
01:00:57]} {[%emt 00:00:11]} Ke5 {[%clk 01:15:24]} {[%emt 00:00:05]} 40. c4
{[%emt 00:02:55]} dxc3 {[%clk 01:15:27]} {[%emt 00:00:01]} 41. bxc3 {[%clk
00:59:12]} {[%emt 00:00:14]} a4 {[%clk 01:15:48]} {[%emt 00:00:10]} 42. Ke3
{[%clk 00:59:25]} {[%emt 00:00:17]} a3 {[%clk 01:16:07]} {[%emt 00:00:11]} 43.
c4 {[%clk 00:59:36]} {[%emt 00:00:19]} f5 {[%clk 01:16:34]} {[%emt 00:00:04]}
44. Rd5+ {[%clk 00:59:56]} {[%emt 00:00:09]} Kf6 {[%clk 01:16:59]} {[%emt
00:00:06]} 45. Kd4 {[%clk 01:00:04]} {[%emt 00:00:22]} f4 {[%clk 01:17:22]}
{[%emt 00:00:06]} 46. Rd6+ {[%clk 01:00:19]} {[%emt 00:00:16]} Kg7 {[%clk
01:17:40]} {[%emt 00:00:12]} 47. c5 {[%clk 01:00:06]} {[%emt 00:00:42]} h5
{[%clk 01:18:02]} {[%emt 00:00:08]} 48. c6 {[%clk 01:00:30]} {[%emt 00:00:07]}
h4 {[%clk 01:18:28]} {[%emt 00:00:03]} 49. c7 {[%clk 01:00:52]} {[%emt
00:00:08]} h3 {[%clk 01:18:53]} {[%emt 00:00:05]} 50. c8=Q {[%clk 01:01:15]}
{[%emt 00:00:07]} Kf7 {[%clk 01:19:20]} {[%emt 00:00:03]} 51. Qc7+ {[%clk
01:01:33]} {[%emt 00:00:13]} Ke8 {[%clk 01:19:40]} {[%emt 00:00:10]} 52. Rd8#
{[%emt 00:00:12]} 1-0